| 000 | 00596nam a22002057a 4500 | ||
|---|---|---|---|
| 005 | 20170124105942.0 | ||
| 010 | _aA-496960 | ||
| 020 | _c00.00 | ||
| 035 | _aA-496960 | ||
| 037 | _bCen Lib/Ret | ||
| 040 |
_aDPL _bEN |
||
| 082 |
_a327.54 _bSAT |
||
| 245 |
_aYearbook on the Indias foreign policy 1990-91 / _cedited by Satish Kumar |
||
| 260 |
_aNew Delhi _bTata Mcgraw-hill publishing company _c1991 |
||
| 270 | _bNew Delhi | ||
| 300 |
_a309p. _c22cm(Hb) |
||
| 650 |
_aForeign policy _vYearbook _911511 |
||
| 700 |
_aSatish, Kumar _911512 |
||
| 942 |
_2ddc _cEN _h327.54 _mSAT |
||
| 999 |
_c124658 _d124658 |
||